书目信息 |
| 题名: |
触摸无形的物质之网:著名科学家谈磁学
|
|
| 作者: | 李国栋 著 | |
| 分册: | ||
| 出版信息: | 桂林 广西师范大学出版社 1999.08 |
|
| 页数: | 107页 | |
| 开本: | 32开 | |
| 丛书名: | ||
| 单 册: | ||
| 中图分类: | O441.2-49 | |
| 科图分类: | ||
| 主题词: | 电磁学 , 电动力学 | |
| 电子资源: | ||
| ISBN: | 7-5633-2941-2 | |
| 000 | 00631nam0 2200205 45 | |
| 001 | 0103261156 | |
| 005 | 20010604093051.0 | |
| 010 | @a7-5633-2941-2@d9.00元 | |
| 100 | @a20010326d1999 km y0chiy0120 ea | |
| 101 | 0 | @achi |
| 105 | @a z 000yy | |
| 200 | 1 | @a触摸无形的物质之网:著名科学家谈磁学@AChu Mo Wu Xing De Wu Zhi Zhi Wang:Zhu Ming Ke Xue Jia Tan Ci Xue@f李国栋著@FLi Guo Dong Zhu |
| 210 | @a桂林@c广西师范大学出版社@d1999.08 | |
| 215 | @a107页@d32开 | |
| 606 | 0 | @a电磁学 |
| 606 | 0 | @a电动力学 |
| 690 | @aO441.2-49@v3 | |
| 701 | 0 | @a李国栋@4著 |
| 801 | @aCN@bPftUser@c20010326 | |
| 905 | @dO441.2-49@eL189@f5@b345155-159 | |
| 触摸无形的物质之网:著名科学家谈磁学/李国栋著.-桂林:广西师范大学出版社,1999.08 |
| 107页;32开 |
| ISBN 7-5633-2941-2:9.00元 |
| ● |
| 相关链接 |
|
|
|
正题名:触摸无形的物质之网:著名科学家谈磁学
索取号:O441.2-49/L189
 
预约/预借
| 序号 | 登录号 | 条形码 | 馆藏地/架位号 | 状态 | 备注 |
| 1 | 345155 | 203451558 | 自科库401/401自科库 58排4列5层/ [索取号:O441.2-49/L189] | 在馆 | |
| 2 | 345156 | 203451567 | 自科库401/401自科库 58排4列5层/ [索取号:O441.2-49/L189] | 在馆 | |
| 3 | 345157 | 203451576 | 自科库401/401自科库 58排4列5层/ [索取号:O441.2-49/L189] | 在馆 | |
| 4 | 345158 | 203451585 | 自科库401/401自科库 58排4列5层/ [索取号:O441.2-49/L189] | 在馆 | |
| 5 | 345159 | 203451594 | 自科库401/401自科库 58排4列5层/ [索取号:O441.2-49/L189] | 在馆 |